Những vấn đề chung về đổi mới giáo dục trung học cơ sở môn địa lý.

Сохранить в:
Библиографические подробности
Соавтор: Vụ giáo dục trung học Bộ GD & ĐT
Формат:
Опубликовано: H. GD 2007
Предметы:
Метки: Добавить метку
Нет меток, Требуется 1-ая метка записи!
Thư viện lưu trữ: Trung tâm Học liệu Lê Vũ Hùng, Trường Đại học Đồng Tháp
LEADER 00950pam a22002778a 4500
001 00023117
005 20171026081022.0
008 110609s2007 ||||||Viesd
020 # # |a 28.000 
041 0 # |a Vie 
082 1 4 |a 910.71  |b NH556V 
110 1 # |a Vụ giáo dục trung học  |b Bộ GD & ĐT 
245 0 0 |a Những vấn đề chung về đổi mới giáo dục trung học cơ sở môn địa lý.  |c Vụ giáo dục trung học 
260 # # |a H.  |b GD  |c 2007 
300 # # |a 267 tr.  |c 24 cm. 
650 # 4 |a Giáo dục 
650 # 4 |a THCS 
650 # 4 |a Đổi mới 
653 # # |a Địa lý 
852 # # |b Kho giáo trình  |j KGT.0025606, KGT.0025607 
852 # # |b Kho mượn  |j KGT.0025606 
852 # # |b Kho đọc  |j KD.0009937 
852 # # |j KGT.0025607  |j KD.0009937  |j KGT.0025606 
910 0 # |a Bằng  |d 09/06/2011 
980 # # |a Trung tâm Học liệu Lê Vũ Hùng, Trường Đại học Đồng Tháp